Statystyki dla Państwa Azji z co najmniej dwuwyrazowymi nazwami

Kliknij tutaj aby rozwiązać quiz!

Ogólne statystyki

  • Ten quiz został rozwiązany 314 razy
  • Średni wynik to 5 z 6

Statystyki odpowiedzi

Państwo% Poprawnych
Korea Północna
92%
Korea Południowa
92%
Arabia Saudyjska
85%
Timor Wschodni
74%
Sri Lanka
72%
Zjednoczone Emiraty Arabskie
71%

Rozkład punktacji

Percentyl według liczby udzielonych odpowiedzi

Procent ludzi z każdym wynikiem

Twoja historia wyników

Nie rozwiązałeś tego quizu